| 000 | 00609cam a2200217 4500 | ||
|---|---|---|---|
| 001 | J2359 | ||
| 008 | 090401t xxu||||| |||| 00| 0 eng d | ||
| 035 | _a(Sirsi) u48658 | ||
| 041 | _aeng | ||
| 050 | _a711.73 | ||
| 110 |
_aKnight Frank and Rutley _91990 |
||
| 245 | 4 | _aThe M25 office floorspace survey. - Quarter 1, 1994 - Quarter 2, 1994, Quarter 4, 1994 | |
| 260 |
_aLondon _bKnight Frank and Rutley _c1994-95 |
||
| 300 | _a3 pt. : ill. ; 30cm. | ||
| 350 | _a0 | ||
| 650 | _aFLOORSPACE STATISTICS | ||
| 650 | _aOFFICES | ||
| 690 | _aPROPERTY-COMMERCIAL PROPERTY | ||
| 942 | _n0 | ||
| 948 | _c04/03/1997 | ||
| 999 |
_c92384 _d92384 |
||